Central Library OPAC University of Rajshahi

افکار غالب ;; Afkar Ghalib / (Record no. 86101)

MARC details
000 -LEADER
fixed length control field 00576nam a2200193 4500
001 - CONTROL NUMBER
control field 86101
003 - CONTROL NUMBER IDENTIFIER
rucl marc code BD-RjUL
005 - DATE AND TIME OF LATEST TRANSACTION
control field 20260113133830.0
008 - FIXED-LENGTH DATA ELEMENTS--GENERAL INFORMATION
fixed length control field 260113s19631954pk ||||| |||| 00| f urd d
035 ## - SYSTEM CONTROL NUMBER
System control number (BD-RjUL)86101
040 ## - CATALOGING SOURCE
Original cataloging agency BD-RjUL
Language of cataloging eng
Transcribing agency BD-RjUL
041 ## - LANGUAGE CODE
Language code of text/sound track or separate title urd
082 ## - DEWEY DECIMAL CLASSIFICATION NUMBER
Edition number 23
Classification number 891.439
Author mark and year ABA 1954
100 ## - MAIN ENTRY--PERSONAL NAME
Personal name عبد الحکیم، خلیفہ ;; Abdul Hakim, Caliph
9 (RLIN) 17593
245 ## - TITLE STATEMENT
Title افکار غالب ;; Afkar Ghalib /
Statement of responsibility, etc. Caliph Abdul Hakim : خلیفہ عبد الحکیم
300 ## - PHYSICAL DESCRIPTION
Pagination 535 p. ;
Size 17 cm
650 ## - SUBJECT ADDED ENTRY--TOPICAL TERM
Topical term or geographic name as entry element urdu literature
942 ## - ADDED ENTRY ELEMENTS (KOHA)
Source of classification or shelving scheme Dewey Decimal Classification
Koha item type Books
Holdings
Lost status Source of classification or shelving scheme Damaged status Not for loan Collection code Permanent Location Current Location Shelving location Date acquired Total Checkouts Full call number Date last seen Copy number Koha item type
  Dewey Decimal Classification   Not For Loan Non-fiction Central Library, University of Rajshahi Central Library, University of Rajshahi Reading Room 13/01/2026   U 891.439 ABA 1954 13/01/2026 C-1 Books